000 00294pam a2200133 a 4500
020 _c
041 _h
082 _a708
_bKUM
100 _aHema Upadhyay.
245 _aRam Kumar
_hTextual Documents
260 _a[s.l]:
_bVadhera Art Gallery , Delhi
300 _a100:
_bpaper.
930 _a6993
999 _c240783
_d240783